01175 2200409 4500001002100000005001500021035002000036007000300056008004100059020002200100082001800122084002000140100002000160245012100180250003100301300004500332500004000377650001900417650001600436700002200452700001900474700002000493336001500513337001300528338001500541260003600556040001700592090002300609850001200632041001300644990001800657990001800675990001800693990001800711990001800729990001800747INLIS00000000081721220181012091623 a0010-1018000092ta181004r19882017jkia g | ind d a978-602-385-375-504223a612.11825 a612.11825 NOM y3 aNomi, Toshikata1 aYou are your blood type /cToshikata Nomi, Alexander Besher; penerjemah, Rahmani Astuti; penyunting, Nuraini Mastura aCetakan ke-1, Oktober 2017 axxvii, 290 halaman :bilustrasi ;c20 cm aJudul asli: You are your blood type 4aGolongan darah 4aKepribadian1 aBesher, Alexander0 aRahmani Astuti0 aNuraini Mastura 2rdacontent 2rdamedia 2rdacarrier aJakarta :bMizan Publika,c2017 aYOPDYOGbind aPK 612.11825 NOM y aYOPDYOG1 aindheng a36315-PD/B.18 a36316-PD/B.18 a36317-PD/B.18 a36317-PD/B.18 a36315-PD/B.18 a36316-PD/B.18